000 00656nam a2200265Ia 4500
003 OSt
005 20220918174852.0
006 a|||||r|||| 00| 0
007 ta
008 220917b |||||||| |||| 00| 0 eng d
024 _a14,475
037 _cTextual
040 _aARTS
_cARTS
_beng
041 _2eng
_aeng
082 _aNW44, M0
100 _aBarnouw Erik
_952045
245 0 _aIndian film
250 _a2nd
260 _aNew York
_bOUP
_c1980
300 _axv,327p.
_ccm.
650 _aARTS
700 _a Krishnaswamy S.
_952046
942 _hNW44, M0
_cTEXL
_2CC
999 _c155023
_d155023